[Event "Montevideo Miercoles Trebejos 2nd"]
[Site "Montevideo"]
[Date "2022.08.24"]
[Round "6"]
[White "Jasper, Nicolas"]
[Black "Montoli, Sebastian"]
[Result "0-1"]
[WhiteElo "1689"]
[BlackElo "1857"]
[PlyCount "74"]
[EventDate "2022.07.20"]
[EventType "swiss"]
[EventRounds "6"]
[EventCountry "URU"]
[SourceTitle "EXT 2024"]
[Source "ChessBase"]
[SourceDate "2023.10.10"]
[SourceVersion "1"]
[SourceVersionDate "2023.10.10"]
[SourceQuality "1"]

1. d4 d5 2. Nf3 Nf6 3. e3 Bf5 4. Bd3 Bxd3 5. cxd3 e6 6. 0-0 c5 7. dxc5 Bxc5 8. d4 Bd6 9. b3 Qe7 10. a4 Nc6 11. Ba3 Rc8 12. Bxd6 Qxd6 13. Nbd2 0-0 14. Qe2 Rc7 15. Ne1 Rfc8 16. f4 Ne7 17. g4 Rc3 18. g5 Ne4 19. Nxe4 dxe4 20. Ng2 Nf5 21. Rab1 Rc2 22. Qe1 Qa3 23. Rd1 Qa2 24. Rf2 Rxf2 25. Qxf2 Rc2 26. Qf1 Rxg2+ 27. Qxg2 Qxg2+ 28. Kxg2 Nxe3+ 29. Kf2 Nxd1+ 30. Ke2 Nc3+ 31. Ke3 a5 32. h4 g6 33. Kd2 Nd5 34. Ke2 Kf8 35. Kd2 Ke7 36. Ke2 Kd6 37. Kd2 Nb4 0-1

[Event "Montevideo Trebejos op 09"]
[Site "Montevideo"]
[Date "2021.09.11"]
[Round "3"]
[White "Montoli, Sebastian"]
[Black "Avedisian, Alexander"]
[Result "0-1"]
[WhiteElo "1867"]
[BlackElo "1919"]
[PlyCount "62"]
[EventDate "2021.09.10"]
[EventType "swiss"]
[EventRounds "5"]
[EventCountry "URU"]
[SourceTitle "CBM 204 Extra"]
[Source "ChessBase"]
[SourceDate "2021.11.30"]
[SourceVersion "1"]
[SourceVersionDate "2021.11.30"]
[SourceQuality "1"]

1. e4 c5 2. Nf3 g6 3. d4 cxd4 4. Nxd4 Nf6 5. Nc3 Nc6 6. Nxc6 dxc6 7. Qxd8+ Kxd8 8. Bc4 Bg7 9. a4 Rf8 10. Bf4 Nh5 11. 0-0-0+ Bd7 12. Be3 Kc7 13. h3 Be5 14. Ne2 Be6 15. Bd3 f5 16. exf5 gxf5 17. Nd4 Bd7 18. Be2 Nf6 19. Nf3 Bd6 20. Nd4 e5 21. Nb3 b6 22. f3 Nd5 23. Bf2 Rae8 24. a5 e4 25. fxe4 fxe4 26. Bd4 e3 27. c4 Nf4 28. axb6+ axb6 29. Rhe1 Nxg2 30. Rh1 Nf4 31. Rhe1 Bb4 0-1

[Event "Montevideo Trebejos op 08"]
[Site "Montevideo"]
[Date "2021.08.22"]
[Round "4"]
[White "Ramos Correa, Gabriel"]
[Black "Montoli, Sebastian"]
[Result "0-1"]
[WhiteElo "1841"]
[BlackElo "1845"]
[PlyCount "118"]
[EventDate "2021.08.20"]
[EventType "swiss"]
[EventRounds "5"]
[EventCountry "URU"]
[SourceTitle "CBM 204 Extra"]
[Source "ChessBase"]
[SourceDate "2021.11.30"]
[SourceVersion "1"]
[SourceVersionDate "2021.11.30"]
[SourceQuality "1"]

1. d4 d5 2. c4 dxc4 3. Nf3 Nf6 4. e3 c5 5. Bxc4 e6 6. 0-0 a6 7. a4 Nc6 8. Nc3 cxd4 9. exd4 Be7 10. Bg5 0-0 11. Rc1 Nb4 12. Qe2 Nfd5 13. Bxe7 Nxe7 14. Rfd1 Ned5 15. Qd2 b6 16. Bb3 Bb7 17. Nxd5 Nxd5 18. Ne5 Qd6 19. Nc4 Qf4 20. Ne5 Rac8 21. Rxc8 Rxc8 22. Qxf4 Nxf4 23. f3 Bd5 24. Bxd5 Nxd5 25. Rd2 f6 26. Nd3 Rc4 27. Ne1 Rxa4 28. Kf2 Rc4 29. g3 Kf7 30. Nc2 Ke7 31. Ne3 Nxe3 32. Kxe3 Kd6 33. f4 Kd5 34. g4 a5 35. f5 exf5 36. gxf5 g5 37. fxg6 hxg6 38. Rf2 f5 39. Rg2 Rc6 40. Kd3 Rf6 41. Rg5 b5 42. h4 a4 43. h5 gxh5 44. Rxh5 Kc6 45. Ke3 b4 46. Rh8 Kd5 47. Ra8 f4+ 48. Kf3 Kxd4 49. Rxa4 Kc4 50. Ra8 Rb6 51. Kxf4 Kb3 52. Ke3 Kxb2 53. Kd2 Rd6+ 54. Ke3 b3 55. Rb8 Ka1 56. Ra8+ Kb1 57. Rb8 b2 58. Rb7 Ra6 59. Kd2 Ka1 0-1

[Event "Montevideo Trebejos op 03"]
[Site "Montevideo"]
[Date "2017.03.16"]
[Round "6"]
[White "Montoli, Sebastian"]
[Black "Milans, Carlos"]
[Result "0-1"]
[WhiteElo "1833"]
[BlackElo "1881"]
[PlyCount "70"]
[EventDate "2017.03.06"]
[EventType "swiss"]
[EventRounds "7"]
[EventCountry "URU"]
[SourceTitle "CBM 177 Extra"]
[Source "ChessBase"]
[SourceDate "2017.04.27"]
[SourceVersion "1"]
[SourceVersionDate "2017.04.27"]
[SourceQuality "1"]

1. e4 Nf6 2. e5 Nd5 3. d4 d6 4. Nf3 c6 5. c4 Nc7 6. Bf4 dxe5 7. Nxe5 Nd7 8. Qh5 g6 9. Qf3 Nf6 10. Nc3 Ne6 11. 0-0-0 Nxf4 12. Qxf4 h5 13. Kb1 Bh6 14. Qf3 Bg4 15. Nxg4 hxg4 16. Qe2 0-0 17. h3 gxh3 18. Rxh3 Bg7 19. g4 Qd7 20. Bg2 Qxg4 21. f3 Qf5+ 22. Ka1 Rad8 23. Ne4 Nh5 24. Rh4 Nf4 25. Qf2 e5 26. d5 cxd5 27. cxd5 Qc8 28. Rdh1 Rxd5 29. Bh3 Qd8 30. Nc3 Rd2 31. Qg3 Qb6 32. Na4 Qd6 33. Nc3 Qb4 34. Nd1 Rfd8 35. Bd7 R8xd7 0-1

[Event "URU-ch sf"]
[Site "Montevideo"]
[Date "2017.02.26"]
[Round "4"]
[White "Izquierdo, Sebastian"]
[Black "Montoli, Sebastian"]
[Result "1/2-1/2"]
[WhiteElo "2009"]
[BlackElo "1833"]
[PlyCount "47"]
[EventDate "2017.02.24"]
[EventType "swiss"]
[EventRounds "8"]
[EventCountry "URU"]
[SourceTitle "CBM 177 Extra"]
[Source "ChessBase"]
[SourceDate "2017.04.27"]
[SourceVersion "1"]
[SourceVersionDate "2017.04.27"]
[SourceQuality "1"]

1. d4 d5 2. Nf3 Nf6 3. g3 g6 4. Bg2 Bg7 5. c4 c6 6. Qb3 dxc4 7. Qxc4 Be6 8. Qb4 Qb6 9. Bd2 Ne4 10. Qxb6 axb6 11. a3 Nxd2 12. Nbxd2 0-0 13. e3 Rd8 14. Ng5 Bc8 15. Rb1 h6 16. Nge4 Nd7 17. Nc3 Nf6 18. Nc4 Ra6 19. Rd1 Be6 20. Ne5 Nd7 21. Nd3 Bb3 22. Rd2 Nf6 23. Nb4 Raa8 24. Bf3 1/2-1/2

[Event "URU-ch sf"]
[Site "Montevideo"]
[Date "2017.02.25"]
[Round "3"]
[White "Montoli, Sebastian"]
[Black "Dominguez, Facundo"]
[Result "1/2-1/2"]
[WhiteElo "1833"]
[BlackElo "2086"]
[PlyCount "33"]
[EventDate "2017.02.24"]
[EventType "swiss"]
[EventRounds "8"]
[EventCountry "URU"]
[SourceTitle "CBM 177 Extra"]
[Source "ChessBase"]
[SourceDate "2017.04.27"]
[SourceVersion "1"]
[SourceVersionDate "2017.04.27"]
[SourceQuality "1"]

1. e4 e6 2. d4 d5 3. Nc3 Nf6 4. Bg5 Be7 5. e5 Nfd7 6. Bxe7 Qxe7 7. f4 a6 8. Nf3 c5 9. dxc5 Qxc5 10. Qd2 Nc6 11. h4 b5 12. Rh3 h5 13. Rg3 g6 14. 0-0-0 Nb6 15. Nd4 Bd7 16. Nxc6 Bxc6 17. Qd4 1/2-1/2

[Event "URU-ch sf"]
[Site "Colonia del Sacramento"]
[Date "2015.02.17"]
[Round "8"]
[White "Montoli, Sebastian"]
[Black "Nunez, Edgardo"]
[Result "1-0"]
[WhiteElo "1727"]
[BlackElo "1712"]
[PlyCount "83"]
[EventDate "2015.02.13"]
[EventType "swiss"]
[EventRounds "9"]
[EventCountry "URU"]
[SourceTitle "EXT 2017"]
[Source "ChessBase"]
[SourceDate "2016.10.25"]
[SourceVersion "1"]
[SourceVersionDate "2016.10.25"]
[SourceQuality "1"]

1. c4 Nf6 2. Nc3 g6 3. g3 Bg7 4. Bg2 c5 5. Nf3 Nc6 6. 0-0 0-0 7. Rb1 d5 8. cxd5 Nxd5 9. Nxd5 Qxd5 10. b3 Bf5 11. d3 Qd7 12. Bb2 Nd4 13. Re1 Rfd8 14. Qc1 Rac8 15. Qf4 Qb5 16. Ne5 Be6 17. e3 Nc2 18. Bh3 Rf8 19. Bxe6 fxe6 20. Qg4 Rf5 21. e4 Bxe5 22. exf5 exf5 23. Qe2 Bxb2 24. Qe6+ Kg7 25. Qxc8 Nxe1 26. Rxe1 Bf6 27. Rc1 Qxd3 28. Qxc5 Qd4 29. Qxd4 Bxd4 30. Rc7 Kf7 31. Rxb7 Ke6 32. Kf1 g5 33. Ke2 h5 34. h4 gxh4 35. gxh4 Kd6 36. f4 Bb6 37. Rb8 Bd4 38. Kf3 Bf6 39. Ra8 Bd4 40. Rd8+ Kc5 41. Rd7 Kb4 42. Rxd4+ 1-0

[Event "Montevideo Trebejos Verano op"]
[Site "Montevideo"]
[Date "2015.02.09"]
[Round "7"]
[White "Montoli, Sebastian"]
[Black "Casas, Nicolas"]
[Result "0-1"]
[WhiteElo "1727"]
[BlackElo "1793"]
[PlyCount "92"]
[EventDate "2015.01.26"]
[EventType "swiss"]
[EventRounds "7"]
[EventCountry "URU"]
[SourceTitle "CBM 164 Extra"]
[Source "ChessBase"]
[SourceDate "2015.03.02"]
[SourceVersion "1"]
[SourceVersionDate "2015.03.02"]
[SourceQuality "1"]

1. e4 d5 2. exd5 Qxd5 3. Nc3 Qa5 4. d4 c6 5. Nf3 Bg4 6. h3 Bh5 7. g4 Bg6 8. Ne5 Nf6 9. Bd2 Qd8 10. Be3 e6 11. h4 Be4 12. Nxe4 Nxe4 13. Nxf7 Nxf2 14. Bxf2 Kxf7 15. Qf3+ Qf6 16. Qxf6+ gxf6 17. 0-0-0 Nd7 18. Bc4 b5 19. Bb3 Nb6 20. Rde1 Nd5 21. Rhf1 Bd6 22. h5 Bf4+ 23. Kb1 Bg5 24. Bxd5 cxd5 25. Be3 Bxe3 26. Rxe3 Rhf8 27. g5 f5 28. Rg1 Rg8 29. Kc1 a5 30. Kd2 b4 31. Re2 Rg7 32. Ke3 h6 33. g6+ Kf6 34. Kf4 Rc8 35. Rge1 Rc6 36. c4 dxc4 37. d5 exd5 38. Re8 Rd7 39. Rf8+ Kg7 40. Ree8 Re6 41. Rg8+ Kf6 42. Rgf8+ Kg7 43. Kxf5 Rxe8 44. Rxe8 d4 45. Re1 d3 46. Rd1 c3 0-1